[Event "Karlsruhe Grenke op"]
[Site "Karlsruhe"]
[Date "2025.04.17"]
[Round "1"]
[White "D'Angerio, Alessandro"]
[Black "Kunin, Vitaly L"]
[Result "0-1"]
[WhiteElo "2106"]
[BlackElo "2522"]
[PlyCount "100"]
[EventDate "2025.04.17"]
[EventType "swiss"]
[EventRounds "9"]
[EventCountry "GER"]
[SourceTitle "CB17_2025"]
[SourceDate "2025.04.23"]
[SourceVersion "1"]
[SourceVersionDate "2025.04.23"]
[SourceQuality "1"]

1. d4 Nf6 2. c4 e6 3. Nc3 Bb4 4. e3 0-0 5. Nge2 c6 6. a3 Ba5 7. b4 Bc7 8. c5 d6 9. cxd6 Bxd6 10. Bb2 e5 11. Ng3 exd4 12. Qxd4 Bxg3 13. hxg3 Qxd4 14. exd4 Re8+ 15. Be2 Nbd7 16. 0-0-0 Nb6 17. Bf3 Bg4 18. Rh4 Bxf3 19. gxf3 Nfd5 20. Re4 f5 21. Re5 g6 22. Nxd5 Nxd5 23. b5 Kf7 24. Kc2 Rxe5 25. dxe5 Ke6 26. bxc6 Rc8 27. Rh1 Rxc6+ 28. Kb3 h5 29. Bd4 a6 30. Rh4 b5 31. Bb2 Rc8 32. a4 f4 33. axb5 axb5 34. g4 Rh8 35. Bd4 Ne7 36. Kb4 Kd5 37. Bc5 Nc6+ 38. Kxb5 Rb8+ 39. Bb6 Nxe5 40. Rh1 Nd7 41. Rd1+ Ke6 42. Re1+ Kf7 43. Kc6 Nxb6 44. gxh5 gxh5 45. Re5 Kg6 46. Kc7 Nc4 47. Re4 Rb4 48. Rxf4 Ne3 49. Rf8 Nf5 50. Kd7 Rf4 0-1